000 00744nam a22002417a 4500
008 161006b xxu||||| |||| 00| 0 eng d
020 _a929007116
020 _a929007124
020 _a929007159
020 _a929007213
020 _a929007175
050 _aREF QM 25
_b.N48 2003
100 _aNetter, Frank H.
245 _aAtlas of human anatomy/
_cFrank H. Netter John T. Hansen.
250 _a3rd ed.
260 _aNew Jersey (Teterboro) :
_bIcon Learning Systems,
_cc2003.
300 _a542p. :
_bill. ;
_c28cm.
500 _aIncludes bibliography and index.
650 _aHuman anatomy
_xAtlases.
650 _aAnatomy.
700 _aHansen, John T.
942 _2lcc
_cREF_BOOK
_hREF QM 25 .N48 2003
999 _c14613
_d14613